| 000 | 01966nam0a22002891 4500 | ||
|---|---|---|---|
| 001 | rc\3371963 | ||
| 005 | 20250609222530.0 | ||
| 021 |
_aRU _b[70-11079] |
||
| 035 | _a(NLR Aleph) 007530532 | ||
| 090 |
_a7753693 _c7753693 |
||
| 100 | _a20130115d1969 |||y0rusy50 ca | ||
| 101 | 0 | _arus | |
| 102 | _aRU | ||
| 105 | _ay d ||||| | ||
| 200 | 1 |
_aМатериалы научно-практической конференции "Ленинский принцип сочетания моральных и материальных стимулов к труду и его творческое использование в условиях новой экономической реформы" _fЛенингр. электротехн. ин-т им. В.И. Ульянова (Ленина) |
|
| 210 |
_aЛенинград _cБ. и. _d1969 |
||
| 215 |
_a100 с. _d21 |
||
| 225 | 1 | _aНавстречу 100-летию со дня рождения В.И. Ленина | |
| 532 | 1 | 3 | _aМатериалы научно-практической конференции Ленинский принцип сочетания моральных и материальных стимулов к труду и его творческое использование в условиях новой экономической реформы |
| 606 |
_aМатериальные и моральные стимулы к труду _jСборники _2psbo |
||
| 710 | 1 | 2 |
_a"Ленинский принцип сочетания моральных и материальных стимулов к труду и его творческое использование в условиях новой экономической реформы", научно-практическая конференция _eЛенинград _f1969 _9446729 _3RU\NLR\AUTH\880390566 |
| 801 | 0 |
_aRU _bNLR _gpsbo |
|
| 801 | 1 |
_aRU _bELAR _2rusmarc |
|
| 852 |
_aNLR _j70-4/892 |
||
| 942 | _cBOOK | ||
| 980 | _aNB | ||